000
00326nam a2200145Ia 4500
008
220803s9999 xx 000 0 und d
020
_a
9788496969636
041
_a
eng
082
_a
725.25 LAM
100
_a
Lam B
_9
25254
245
_a
Shop Windows
260
_a
Spain
_b
Links Book
_c
2008
300
_a
502p
500
_a
ARCHI
999
_c
16075
_d
16075